| 000 | 00895nam0a22002171i 4500 | ||
|---|---|---|---|
| 001 | rc\4169763 | ||
| 005 | 20240724155729.0 | ||
| 035 | _a(NLR Aleph) 007997887 | ||
| 090 |
_a8620963 _c8620963 |
||
| 100 | _a20130415d1954 |||y0rusy50 ca | ||
| 101 | 0 | _arus | |
| 102 | _aRU | ||
| 105 | _ay d ||||| | ||
| 200 | 1 |
_aОсобенности сложных слов в английской военной лексике _e(Сложносокращенные слова) _eАвтореферат дис. на соискание ученой степени кандидата филологических наук _fВоен. ин-т иностр. языков |
|
| 210 |
_aМосква _d1954 |
||
| 215 |
_a14 с. _d22 |
||
| 700 | 1 |
_aЩербиновская _bН.Н. _gНаталия Николаевна |
|
| 801 | 0 |
_aRU _bNLR _gpsbo |
|
| 801 | 1 |
_aRU _bELAR _2rusmarc |
|
| 852 |
_aNLR _jЯ30 Г-6/213 |
||
| 942 | _cBOOK | ||